The 92 25/26 Logos - Statistics

General Stats
  • This quiz has been taken 12 times
  • The average score is 72 of 92
Answer Stats
Picture Answer % Correct
Brentford
100%
Manchester City
100%
West Ham
100%
AFC Bournemouth
90%
Arsenal
90%
Aston Villa
90%
Barnsley
90%
Brighton
90%
Chelsea
90%
Everton
90%
Huddersfield
90%
Hull
90%
Leeds
90%
Leicester
90%
Liverpool
90%
Luton
90%
Manchester United
90%
Newcastle
90%
Nottingham Forest
90%
Notts County
90%
Swansea
90%
Tottenham
90%
Wolverhampton Wanderers
90%
Wycombe
90%
Birmingham
80%
Blackburn
80%
Blackpool
80%
Bolton
80%
Bristol Rovers
80%
Burnley
80%
Cardiff
80%
Charlton
80%
Coventry
80%
Crystal Palace
80%
Derby
80%
Exeter
80%
Fulham
80%
Grimsby
80%
Ipswich
80%
Leyton Orient
80%
Lincoln
80%
Middlesbrough
80%
Millwall
80%
Milton Keynes Dons
80%
Norwich
80%
Oxford
80%
Plymouth
80%
Portsmouth
80%
Preston North End
80%
Reading
80%
Rotherham
80%
Sheffield United
80%
Sheffield Wednesday
80%
Southampton
80%
Stoke
80%
Sunderland
80%
Watford
80%
West Brom
80%
Wigan
80%
Wrexham
80%
AFC Wimbledon
70%
Bradford
70%
Bristol City
70%
Burton
70%
Cheltenham
70%
Chesterfield
70%
Crewe
70%
Doncaster
70%
Fleetwood
70%
Gillingham
70%
Northampton
70%
Oldham
70%
Port Vale
70%
Queens Park Rangers
70%
Salford
70%
Shrewsbury
70%
Stevenage
70%
Tranmere
70%
Walsall
70%
Accrington
60%
Barnet
60%
Barrow
60%
Bromley
60%
Cambridge
60%
Colchester
60%
Crawley
60%
Harrogate
60%
Mansfield
60%
Newport
60%
Peterborough
60%
Stockport
60%
Swindon
60%
No matching quizzes found
Score Distribution
Percent of People with Each Score
Percentile by Number Answered
Your Score History
You have not taken this quiz